Govt. of
Madhya Pradesh

रेलवे भर्ती बोर्ड परीक्षा हेतु रेलवे सामान्‍य अध्‍ययन (पूर्णत; संशोधित संस्‍करण ) (Record no. 62387)

MARC details
000 -LEADER
fixed length control field 00578nam a22001577a 4500
003 - CONTROL NUMBER IDENTIFIER
control field macl
005 - DATE AND TIME OF LATEST TRANSACTION
control field 20200312131447.0
008 - FIXED-LENGTH DATA ELEMENTS--GENERAL INFORMATION
fixed length control field 200312b xxu||||| |||| 00| 0 eng d
040 ## - CATALOGING SOURCE
Transcribing agency macl
082 ## - DEWEY DECIMAL CLASSIFICATION NUMBER
Classification number 385
100 ## - MAIN ENTRY--PERSONAL NAME
Personal name Kumar, Suchit
9 (RLIN) 78628
245 ## - TITLE STATEMENT
Title रेलवे भर्ती बोर्ड परीक्षा हेतु रेलवे सामान्‍य अध्‍ययन (पूर्णत; संशोधित संस्‍करण )
260 ## - PUBLICATION, DISTRIBUTION, ETC. (IMPRINT)
Place of publication, distribution, etc. Patna
Name of publisher, distributor, etc. Speedy Publication
Date of publication, distribution, etc. 2019
650 ## - SUBJECT ADDED ENTRY--TOPICAL TERM
Topical term or geographic name as entry element रेलवे
9 (RLIN) 78629
942 ## - ADDED ENTRY ELEMENTS (KOHA)
Source of classification or shelving scheme
Koha item type Hindi Books
Holdings
Withdrawn status Lost status Source of classification or shelving scheme Damaged status Not for loan Home library Current library Date acquired Cost, normal purchase price Total Checkouts Total Renewals Full call number Barcode Date last seen Date last checked out Price effective from Koha item type
          MACL MACL 12/03/2020 240.00 14 4 385 GCLC00466 15/04/2025 03/04/2025 12/03/2020 Hindi Books
          MACL MACL 22/12/2023 340.00 13   385 DPI001625 25/03/2026 25/03/2026   Competitive Books